| 000 | 01025nam a22002417a 4500 | ||
|---|---|---|---|
| 005 | 20210325180318.0 | ||
| 008 | s2543 th tha d | ||
| 020 | _a9748724301 | ||
| 041 | _atha | ||
| 050 | _aHN700.55.Z9S65 ก499บ 2543 | ||
| 245 | 1 | 0 | _aบนเส้นทางการค้นหาพลังปัญญาและจินตนาการ |
| 260 | 3 |
_aกรุงเทพฯ : _bสถาบันการเรียนรู้และพัฒนาประชาสังคม, _c2543 |
|
| 300 |
_a112 หน้า : _b แผนภาพ ; _c 21 ซม. |
||
| 650 | 0 | 4 | _aการปฎิรูปสังคม |
| 650 | 0 | 4 | _aการมีส่วนร่วมทางสังคม |
| 650 | 0 | 4 | _aขบวนการสังคม |
| 650 | 0 | 4 | _aความเคลื่อนไหวทางสังคม |
| 650 | 0 | 4 | _aประชาสังคม |
| 850 | _aNALT | ||
| 942 | _cGB | ||
| 997 | _c000000000008983 | ||
| 998 | _aSAIPHON DEENGAM | ||
| 999 |
_c8983 _d8983 |
||